Koučovanie – nástroj vedenia ľudí a rozvoja ľudských zdrojov bakalárska práca

Enregistré dans:
Détails bibliographiques
Auteur principal: Kissová, Edina
Collectivité auteur: Fakulta podnikového manažmentu EU. Katedra manažmentu
Autres auteurs: Matulčíková, Marta, 1964-
Format: Livre
Langue:slovaque
Publié: Bratislava 2017
Tags: Ajouter un tag
Pas de tags, Soyez le premier à ajouter un tag!

MARC

LEADER 00000nbm a2200000 4500
001 0232384
005 20171215124650.8
041 0 |a slo 
044 |a SK 
245 1 0 |a Koučovanie – nástroj vedenia ľudí a rozvoja ľudských zdrojov  |b bakalárska práca  |c Edina Kissová ; školiteľ: Marta Matulčíková 
264 1 |a Bratislava  |c 2017 
300 |a 73 s. 
100 1 |a Kissová, Edina 
700 1 |a Matulčíková, Marta, 1964- 
710 2 |a Fakulta podnikového manažmentu EU. Katedra manažmentu